| 000 | 01519aam a2200241 4500 | ||
|---|---|---|---|
| 001 | 6890 | ||
| 010 | _a94148348 | ||
| 020 | _a1864030151 : | ||
| 082 | 0 | 0 |
_a079/.94 _220 |
| 100 |
_aSchultz, Julianne. _b _c _d _e _q |
||
| 245 | 0 | 0 |
_aNot just another business : _bjournalists, citizens, and the media / _cedited by Julianne Schultz |
| 260 |
_aLeichhardt, NSW : _bPluto Press, National Centre for Australian Studies, Monash University, _c1994 |
||
| 300 |
_a243 p. ; _c22 cm |
||
| 504 | _aIncludes bibliographical references (p. 225-236) and index | ||
| 505 |
_aCONTENTS: Preface -- A marketplace of ideas? -- Media convergence and the fourth estate -- The paradox of professionalism -- The paradox of professionalism -- The media and democracy: reclaiming an intellectual agenda -- But that's not the issue -- Bound for disappointment on the highway from heaven to hell -- Politics, news management & monopolies- a consumer issue? -- Diversity: rhetoric & reality -- At the cultural frontier -- Tabloid television -- Creating codes: journalism self-regulation -- Discovering a right to freedom of expression -- Reinventing journalism education- for journalists & citizens -- Sources -- Index. _g _r _t |
||
| 650 | 0 |
_aFreedom of information _zAustralia |
|
| 650 | 0 |
_aJournalism _zAustralia |
|
| 650 | 0 |
_aMass media _xSocial aspects _zAustralia |
|
| 650 | 0 |
_aMass media criticism _zAustralia |
|
| 650 | 0 |
_aMass media policy _zAustralia |
|
| 700 | 1 |
_aSchultz, Julianne, _d1956- |
|
| 999 |
_c5829 _d5829 |
||